00944nam a2200217 a 450000100100000000500170001000800410002702000150006804000250008308200210010824501740012926000660030330000210036965000460039065000550043670000470049170000370053804900090057595201250058499900170070900002348720200930022244.0101209s2001 ve r 000 | spa  a0847701131 aDO-SdBNPbspacBNPHU a370.97295bH673e00aHistoria y educación :bacercamiento a la historia social de la educación en Puerto Rico /ccompilado por Rubén Maldonado Jiménez ; prólogo de Fernando Picó. aSan Juan, (Puerto Rico) :bUniversidad de Puerto Rico,c2001. a203 p. ;c23 cm. 4aEducaciónzPuerto RicoxHistoria948392 4aSociología de la educaciónzPuerto Rico9483931 aMaldonado Jiménez, Rubénecomp.9483941 aPicó, Fernandoepról.916158 aBNGR 001054708MOaGRbGRcCTd2010-12-09iLF1l0o370.97295 H673ep23487-10r2020-06-25w2020-06-25y4ZPréstamo en sala c22983d22983